[Event "Hoogeveen Amateur 1"]
[Site "Hoogeveen, Netherlands"]
[Date "2018.10.24"]
[Round "5.4"]
[White "Hadderingh, Thale"]
[Black "Lootsma, Jan"]
[Result "1-0"]
[WhiteElo "1761"]
[BlackElo "1976"]

1. f4 {[%clk 01:30:52]} {[%emt 00:00:07]} Nf6 {[%clk 01:30:38]} {[%emt
00:00:23]} 2. Nf3 {[%clk 01:31:00]} {[%emt 00:00:22]} d5 {[%clk 01:30:49]}
{[%emt 00:00:20]} 3. e3 {[%clk 01:31:12]} {[%emt 00:00:18]} c5 {[%clk
01:30:43]} {[%emt 00:00:36]} 4. b3 {[%clk 01:31:27]} {[%emt 00:00:15]} Nbd7
{[%clk 01:30:27]} {[%emt 00:00:46]} 5. Bb2 {[%clk 01:30:32]} {[%emt 00:01:25]}
a6 {[%clk 01:30:27]} {[%emt 00:00:31]} 6. a4 {[%clk 01:30:43]} {[%emt
00:00:18]} b6 {[%clk 01:30:49]} {[%emt 00:00:09]} 7. Be2 {[%clk 01:30:56]}
{[%emt 00:00:17]} Bb7 {[%clk 01:31:09]} {[%emt 00:00:10]} 8. O-O {[%clk
01:30:56]} {[%emt 00:00:30]} e6 {[%clk 01:31:21]} {[%emt 00:00:18]} 9. d3
{[%clk 01:23:01]} {[%emt 00:08:25]} Be7 {[%clk 01:31:19]} {[%emt 00:00:31]} 10.
h3 {[%clk 01:20:37]} {[%emt 00:02:54]} O-O {[%clk 01:30:46]} {[%emt 00:01:04]}
11. Nbd2 {[%clk 01:20:39]} {[%emt 00:00:27]} Qc7 {[%clk 01:29:51]} {[%emt
00:01:25]} 12. Ne5 {[%clk 01:19:56]} {[%emt 00:01:14]} b5 {[%clk 01:25:35]}
{[%emt 00:04:45]} 13. Ndf3 {[%clk 01:13:23]} {[%emt 00:07:03]} Rad8 {[%clk
01:22:11]} {[%emt 00:03:55]} 14. Qe1 {[%clk 01:11:40]} {[%emt 00:02:13]} Nxe5
{[%clk 01:16:40]} {[%emt 00:06:00]} 15. Nxe5 {[%clk 01:08:54]} {[%emt
00:03:16]} d4 {[%clk 01:11:47]} {[%emt 00:05:24]} 16. e4 {[%clk 01:07:07]}
{[%emt 00:02:17]} Nd7 {[%clk 01:07:39]} {[%emt 00:04:38]} 17. Nxd7 {[%clk
01:03:32]} {[%emt 00:04:06]} Qxd7 {[%clk 01:05:03]} {[%emt 00:03:06]} 18. Qf2
{[%clk 00:57:41]} {[%emt 00:06:20]} f5 {[%clk 00:52:54]} {[%emt 00:12:39]} 19.
e5 {[%clk 00:50:12]} {[%emt 00:07:59]} Qc7 {[%clk 00:46:33]} {[%emt 00:06:52]}
20. axb5 {[%clk 00:49:55]} {[%emt 00:00:47]} axb5 {[%clk 00:46:53]} {[%emt
00:00:09]} 21. Bf3 {[%clk 00:49:55]} {[%emt 00:00:30]} Ra8 {[%clk 00:44:25]}
{[%emt 00:02:59]} 22. Rfb1 {[%clk 00:44:24]} {[%emt 00:06:01]} b4 {[%clk
00:38:24]} {[%emt 00:06:32]} 23. Bc1 {[%clk 00:43:20]} {[%emt 00:01:34]} Qd7
{[%clk 00:32:53]} {[%emt 00:06:01]} 24. g3 {[%clk 00:41:32]} {[%emt 00:02:18]}
h6 {[%clk 00:29:01]} {[%emt 00:04:22]} 25. Qg2 {[%clk 00:41:30]} {[%emt
00:00:32]} Bd5 {[%clk 00:28:06]} {[%emt 00:01:25]} 26. Bxd5 {[%clk 00:41:26]}
{[%emt 00:00:34]} Qxd5 {[%clk 00:26:37]} {[%emt 00:02:00]} 27. Qxd5 {[%clk
00:40:34]} {[%emt 00:01:22]} exd5 {[%clk 00:26:58]} {[%emt 00:00:08]} 28. Kf2
{[%clk 00:35:34]} {[%emt 00:05:30]} Kf7 {[%clk 00:27:02]} {[%emt 00:00:26]} 29.
Kf3 {[%clk 00:35:38]} {[%emt 00:00:26]} Ke6 {[%clk 00:27:20]} {[%emt 00:00:12]}
30. Bd2 {[%clk 00:34:15]} {[%emt 00:01:53]} g5 {[%clk 00:23:17]} {[%emt
00:04:32]} 31. Bc1 {[%clk 00:31:35]} {[%emt 00:03:12]} Rg8 {[%clk 00:23:04]}
{[%emt 00:00:43]} 32. Bd2 {[%clk 00:24:04]} {[%emt 00:08:01]} g4+ {[%clk
00:13:32]} {[%emt 00:10:02]} 33. hxg4 {[%clk 00:22:32]} {[%emt 00:02:00]} fxg4+
{[%clk 00:13:57]} {[%emt 00:00:07]} 34. Kg2 {[%clk 00:22:32]} {[%emt 00:00:30]}
Kf5 {[%clk 00:11:49]} {[%emt 00:02:39]} 35. Rh1 {[%clk 00:21:15]} {[%emt
00:01:46]} Kg6 {[%clk 00:11:00]} {[%emt 00:01:19]} 36. Raf1 {[%clk 00:14:37]}
{[%emt 00:07:08]} Kg7 {[%clk 00:03:11]} {[%emt 00:08:19]} 37. f5 {[%clk
00:14:40]} {[%emt 00:00:27]} Bg5 {[%clk 00:03:34]} {[%emt 00:00:07]} 38. Bxg5
{[%clk 00:12:42]} {[%emt 00:02:28]} hxg5 {[%clk 00:03:56]} {[%emt 00:00:08]} 39.
Rh5 {[%clk 00:09:56]} {[%emt 00:03:16]} Kf8 {[%clk 00:03:29]} {[%emt 00:00:59]}
40. Rh7 {[%clk 00:06:48]} {[%emt 00:03:37]} Ra2 {[%clk 00:02:05]} {[%emt
00:01:54]} 41. Rf2 {[%clk 00:05:16]} {[%emt 00:02:02]} Rg7 {[%clk 00:30:02]}
{[%emt 00:02:33]} 42. Rh6 {[%clk 00:35:19]} {[%emt 00:00:28]} c4 {[%clk
00:28:55]} {[%emt 00:01:37]} 43. Rb6 {[%clk 00:34:49]} {[%emt 00:01:00]} cxd3
{[%clk 00:27:39]} {[%emt 00:01:45]} 44. cxd3 {[%clk 00:34:43]} {[%emt
00:00:36]} Rxf2+ {[%clk 00:27:32]} {[%emt 00:00:38]} 45. Kxf2 {[%clk 00:35:06]}
{[%emt 00:00:07]} Re7 {[%clk 00:27:06]} {[%emt 00:00:56]} 46. e6 {[%clk
00:32:53]} {[%emt 00:02:43]} Kg7 {[%clk 00:27:13]} {[%emt 00:00:23]} 47. Rd6
{[%clk 00:32:22]} {[%emt 00:01:01]} Kf6 {[%clk 00:25:55]} {[%emt 00:01:48]} 48.
Rxd5 {[%clk 00:32:24]} {[%emt 00:00:28]} Re8 {[%clk 00:23:57]} {[%emt
00:02:28]} 49. Rxd4 {[%clk 00:29:55]} {[%emt 00:02:59]} Kxf5 {[%clk 00:24:14]}
{[%emt 00:00:13]} 50. Re4 {[%clk 00:30:16]} {[%emt 00:00:09]} Rxe6 {[%clk
00:18:04]} {[%emt 00:06:40]} 51. Rxe6 {[%clk 00:30:38]} {[%emt 00:00:08]} Kxe6
{[%clk 00:18:28]} {[%emt 00:00:06]} 52. Ke3 {[%clk 00:31:02]} {[%emt 00:00:06]}
Ke5 {[%clk 00:18:12]} {[%emt 00:00:46]} 53. d4+ {[%clk 00:31:14]} {[%emt
00:00:19]} Ke6 {[%clk 00:17:47]} {[%emt 00:00:55]} 54. Ke4 {[%clk 00:30:59]}
{[%emt 00:00:44]} Kf6 {[%clk 00:18:15]} {[%emt 00:00:03]} 55. Kd5 {[%clk
00:30:01]} {[%emt 00:01:28]} Kf5 {[%clk 00:18:18]} {[%emt 00:00:27]} 56. Kc6
{[%clk 00:30:10]} {[%emt 00:00:20]} Ke4 {[%clk 00:18:16]} {[%emt 00:00:33]} 57.
d5 {[%clk 00:30:33]} {[%emt 00:00:07]} Kf3 {[%clk 00:18:34]} {[%emt 00:00:12]}
58. d6 {[%clk 00:30:56]} {[%emt 00:00:07]} Kxg3 {[%clk 00:18:53]} {[%emt
00:00:10]} 59. d7 {[%clk 00:31:18]} {[%emt 00:00:08]} Kh4 {[%clk 00:18:25]}
{[%emt 00:00:58]} 60. d8=Q {[%clk 00:31:37]} {[%emt 00:00:11]} g3 {[%clk
00:18:49]} {[%emt 00:00:06]} 61. Qh8+ {[%clk 00:31:24]} {[%emt 00:00:42]} Kg4
{[%clk 00:19:07]} {[%emt 00:00:12]} 62. Qh1 {[%clk 00:31:50]} {[%emt 00:00:04]}
1-0

[Event "Hoogeveen Amateur 1"]
[Site "Hoogeveen, Netherlands"]
[Date "2018.10.24"]
[Round "5.5"]
[White "Klapwijk, Leo"]
[Black "Ypma, Jord"]
[Result "0-1"]
[WhiteElo "1825"]
[BlackElo "1791"]

1. e4 {[%clk 01:30:51]} {[%emt 00:00:08]} c5 {[%clk 01:30:46]} {[%emt
00:00:14]} 2. Nc3 {[%clk 01:31:13]} {[%emt 00:00:10]} d6 {[%clk 01:31:11]}
{[%emt 00:00:04]} 3. f4 {[%clk 01:30:58]} {[%emt 00:00:45]} g6 {[%clk
01:31:10]} {[%emt 00:00:31]} 4. Nf3 {[%clk 01:23:16]} {[%emt 00:08:13]} Bg7
{[%clk 01:30:36]} {[%emt 00:01:02]} 5. d4 {[%clk 01:22:08]} {[%emt 00:01:38]}
cxd4 {[%clk 01:30:12]} {[%emt 00:00:55]} 6. Nxd4 {[%clk 01:20:56]} {[%emt
00:01:42]} Nf6 {[%clk 01:29:24]} {[%emt 00:01:17]} 7. Be3 {[%clk 01:11:40]}
{[%emt 00:09:46]} O-O {[%clk 01:25:43]} {[%emt 00:04:11]} 8. Be2 {[%clk
01:10:00]} {[%emt 00:02:11]} Nc6 {[%clk 01:23:56]} {[%emt 00:02:17]} 9. Nb3
{[%clk 01:07:56]} {[%emt 00:02:34]} a6 {[%clk 01:21:40]} {[%emt 00:02:45]} 10.
Bf3 {[%clk 01:08:05]} {[%emt 00:00:21]} Bd7 {[%clk 01:20:59]} {[%emt 00:01:10]}
11. g4 {[%clk 01:05:09]} {[%emt 00:03:28]} Na5 {[%clk 01:14:34]} {[%emt
00:06:56]} 12. Nd2 {[%clk 01:04:42]} {[%emt 00:00:56]} Rc8 {[%clk 01:13:37]}
{[%emt 00:01:27]} 13. g5 {[%clk 01:02:52]} {[%emt 00:02:21]} Rxc3 {[%clk
00:59:51]} {[%emt 00:14:16]} 14. bxc3 {[%clk 01:00:58]} {[%emt 00:02:24]} Ne8
{[%clk 00:58:51]} {[%emt 00:01:30]} 15. Rb1 {[%clk 00:57:15]} {[%emt 00:04:12]}
b5 {[%clk 00:58:47]} {[%emt 00:00:32]} 16. O-O {[%clk 00:54:55]} {[%emt
00:02:51]} Qc7 {[%clk 00:55:56]} {[%emt 00:03:23]} 17. c4 {[%clk 00:52:15]}
{[%emt 00:03:10]} Nxc4 {[%clk 00:55:16]} {[%emt 00:01:09]} 18. Nxc4 {[%clk
00:52:09]} {[%emt 00:00:36]} Qxc4 {[%clk 00:55:35]} {[%emt 00:00:10]} 19. a3
{[%clk 00:50:56]} {[%emt 00:01:44]} f6 {[%clk 00:47:23]} {[%emt 00:08:42]} 20.
e5 {[%clk 00:50:13]} {[%emt 00:01:14]} Qc3 {[%clk 00:45:16]} {[%emt 00:02:36]}
21. Rb3 {[%clk 00:49:21]} {[%emt 00:01:23]} Qc7 {[%clk 00:44:59]} {[%emt
00:00:46]} 22. exf6 {[%clk 00:45:56]} {[%emt 00:03:56]} exf6 {[%clk 00:45:11]}
{[%emt 00:00:18]} 23. Bd5+ {[%clk 00:44:52]} {[%emt 00:01:34]} Kh8 {[%clk
00:45:25]} {[%emt 00:00:16]} 24. Bd4 {[%clk 00:43:27]} {[%emt 00:01:55]} fxg5
{[%clk 00:44:55]} {[%emt 00:01:00]} 25. Bxg7+ {[%clk 00:37:43]} {[%emt
00:06:14]} Nxg7 {[%clk 00:44:58]} {[%emt 00:00:26]} 26. fxg5 {[%clk 00:32:13]}
{[%emt 00:06:01]} Qc5+ {[%clk 00:44:40]} {[%emt 00:00:48]} 27. Kg2 {[%clk
00:31:51]} {[%emt 00:00:51]} Re8 {[%clk 00:38:42]} {[%emt 00:06:28]} 28. Qd2
{[%clk 00:16:36]} {[%emt 00:15:44]} Nf5 {[%clk 00:22:01]} {[%emt 00:17:13]} 29.
Qc3+ {[%clk 00:15:55]} {[%emt 00:01:11]} Re5 {[%clk 00:22:03]} {[%emt
00:00:28]} 30. Qxc5 {[%clk 00:08:41]} {[%emt 00:07:45]} dxc5 {[%clk 00:22:23]}
{[%emt 00:00:10]} 31. Bb7 {[%clk 00:07:23]} {[%emt 00:01:48]} Ne3+ {[%clk
00:15:53]} {[%emt 00:06:59]} 32. Rxe3 {[%clk 00:07:13]} {[%emt 00:00:40]} Rxe3
{[%clk 00:16:20]} {[%emt 00:00:04]} 33. Rf7 {[%clk 00:05:17]} {[%emt 00:02:26]}
Be6 {[%clk 00:15:58]} {[%emt 00:00:52]} 34. Rf6 {[%clk 00:05:24]} {[%emt
00:00:22]} Re5 {[%clk 00:15:16]} {[%emt 00:01:12]} 35. h4 {[%clk 00:01:32]}
{[%emt 00:00:32]} Bd5+ {[%clk 00:14:21]} {[%emt 00:05:16]} 36. Bxd5 {[%clk
00:01:55]} {[%emt 00:00:07]} Rxd5 {[%clk 00:14:48]} {[%emt 00:00:03]} 37. Rxa6
{[%clk 00:02:08]} {[%emt 00:00:17]} Rd2+ {[%clk 00:15:06]} {[%emt 00:00:12]} 38.
Kf3 {[%clk 00:02:34]} {[%emt 00:00:04]} Rxc2 {[%clk 00:15:15]} {[%emt
00:00:21]} 39. Ke4 {[%clk 00:02:58]} {[%emt 00:00:06]} Rc4+ {[%clk 00:08:30]}
{[%emt 00:07:14]} 40. Kd5 {[%clk 00:03:14]} {[%emt 00:00:15]} Rxh4 {[%clk
00:08:37]} {[%emt 00:00:22]} 41. Kxc5 {[%emt 00:00:07]} Rh5 {[%clk 00:08:50]}
{[%emt 00:00:15]} 42. Kxb5 {[%emt 00:00:37]} Rxg5+ {[%clk 00:09:14]} {[%emt
00:00:05]} 43. Kc4 {[%clk 00:01:33]} {[%emt 00:02:30]} h5 {[%clk 00:08:36]}
{[%emt 00:01:07]} 44. Rd6 {[%clk 00:30:11]} {[%emt 00:01:53]} h4 {[%clk
00:35:14]} {[%emt 00:03:52]} 45. a4 {[%clk 00:29:00]} {[%emt 00:01:42]} h3
{[%clk 00:34:20]} {[%emt 00:01:23]} 46. Rd2 {[%clk 00:28:57]} {[%emt 00:00:33]}
Rh5 {[%clk 00:34:22]} {[%emt 00:00:28]} 47. Rh2 {[%clk 00:29:00]} {[%emt
00:00:27]} g5 {[%clk 00:34:42]} {[%emt 00:00:11]} 48. a5 {[%clk 00:29:21]}
{[%emt 00:00:09]} g4 {[%clk 00:35:00]} {[%emt 00:00:11]} 49. Ra2 {[%clk
00:28:29]} {[%emt 00:01:23]} h2 {[%clk 00:35:12]} {[%emt 00:00:19]} 50. Kd4
{[%emt 00:00:39]} 0-1

[Event "Hoogeveen Amateur 1"]
[Site "Hoogeveen, Netherlands"]
[Date "2018.10.24"]
[Round "5.6"]
[White "Weverling, Ferry"]
[Black "Basa, Manasvita"]
[Result "1-0"]
[WhiteElo "1816"]
[BlackElo "1409"]

1. d4 {[%emt 00:00:01]} d5 {[%emt 00:00:10]} 2. c4 {[%clk 01:30:37]} {[%emt
00:00:10]} e6 {[%clk 01:30:54]} {[%emt 00:00:07]} 3. Nf3 {[%clk 01:30:52]}
{[%emt 00:00:14]} Be7 {[%clk 01:30:29]} {[%emt 00:00:55]} 4. Nc3 {[%clk
01:31:09]} {[%emt 00:00:13]} Nf6 {[%clk 01:30:42]} {[%emt 00:00:19]} 5. Bg5
{[%clk 01:31:13]} {[%emt 00:00:24]} O-O {[%clk 01:30:40]} {[%emt 00:00:32]} 6.
e3 {[%clk 01:31:35]} {[%emt 00:00:08]} b6 {[%clk 01:29:14]} {[%emt 00:01:57]} 7.
cxd5 {[%clk 01:31:47]} {[%emt 00:00:18]} Nxd5 {[%clk 01:27:58]} {[%emt
00:01:46]} 8. Bxe7 {[%clk 01:32:00]} {[%emt 00:00:17]} Qxe7 {[%clk 01:27:47]}
{[%emt 00:00:40]} 9. Rc1 {[%clk 01:32:16]} {[%emt 00:00:14]} Bb7 {[%clk
01:28:03]} {[%emt 00:00:14]} 10. Bd3 {[%clk 01:32:32]} {[%emt 00:00:14]} Nc6
{[%clk 01:27:51]} {[%emt 00:00:42]} 11. O-O {[%clk 01:32:44]} {[%emt 00:00:17]}
Rad8 {[%clk 01:27:02]} {[%emt 00:01:19]} 12. Qe2 {[%clk 01:32:51]} {[%emt
00:00:23]} Ncb4 {[%emt 00:01:36]} 13. Bc4 {[%clk 01:31:54]} {[%emt 00:01:11]}
Rfe8 {[%clk 01:00:53]} {[%emt 00:25:49]} 14. a3 {[%clk 01:32:14]} {[%emt
00:00:11]} Nc6 {[%clk 01:01:16]} {[%emt 00:00:06]} 15. Bb5 {[%clk 01:32:36]}
{[%emt 00:00:08]} Rf8 {[%clk 01:00:39]} {[%emt 00:01:07]} 16. Nxd5 {[%clk
01:32:58]} {[%emt 00:00:07]} exd5 {[%clk 00:55:33]} {[%emt 00:05:37]} 17. Bxc6
{[%clk 01:33:15]} {[%emt 00:00:12]} Bc8 {[%clk 00:55:27]} {[%emt 00:00:37]} 18.
Ne5 {[%clk 01:32:32]} {[%emt 00:01:13]} f6 {[%clk 00:55:28]} {[%emt 00:00:29]}
19. Nf3 {[%clk 01:30:36]} {[%emt 00:02:25]} Bg4 {[%clk 00:55:32]} {[%emt
00:00:26]} 20. h3 {[%clk 01:31:01]} {[%emt 00:00:05]} Bh5 {[%clk 00:55:48]}
{[%emt 00:00:15]} 21. g4 {[%clk 01:31:20]} {[%emt 00:00:10]} Bg6 {[%clk
00:55:54]} {[%emt 00:00:24]} 22. Nh4 {[%clk 01:31:37]} {[%emt 00:00:12]} f5
{[%clk 00:54:11]} {[%emt 00:02:14]} 23. Nxg6 {[%clk 01:21:35]} {[%emt
00:10:31]} hxg6 {[%clk 00:54:32]} {[%emt 00:00:09]} 24. f3 {[%clk 01:19:58]}
{[%emt 00:02:07]} Kf7 {[%clk 00:45:11]} {[%emt 00:09:51]} 25. Kg2 {[%clk
01:17:18]} {[%emt 00:03:09]} Rh8 {[%clk 00:45:30]} {[%emt 00:00:11]} 26. Qf2
{[%clk 01:13:38]} {[%emt 00:04:10]} Rh6 {[%clk 00:42:25]} {[%emt 00:03:36]} 27.
e4 {[%clk 01:13:49]} {[%emt 00:00:19]} Kg8 {[%clk 00:37:09]} {[%emt 00:05:47]}
28. Bxd5+ {[%clk 01:14:07]} {[%emt 00:00:11]} Kh8 {[%clk 00:37:27]} {[%emt
00:00:12]} 29. Qg3 {[%clk 01:13:21]} {[%emt 00:01:16]} Rd7 {[%clk 00:32:27]}
{[%emt 00:05:30]} 30. Rc6 {[%clk 01:11:51]} {[%emt 00:01:59]} g5 {[%clk
00:21:53]} {[%emt 00:11:05]} 31. Rxh6+ {[%clk 01:12:10]} {[%emt 00:00:11]} gxh6
{[%clk 00:22:13]} {[%emt 00:00:10]} 32. gxf5 {[%clk 01:10:50]} {[%emt
00:01:49]} c6 {[%clk 00:20:07]} {[%emt 00:02:37]} 33. Bxc6 {[%clk 01:10:56]}
{[%emt 00:00:23]} Rxd4 {[%clk 00:20:29]} {[%emt 00:00:08]} 34. Bd5 {[%clk
01:11:20]} {[%emt 00:00:07]} Qe8 {[%clk 00:19:10]} {[%emt 00:01:50]} 35. Qd6
{[%clk 01:09:41]} {[%emt 00:02:08]} Rd2+ {[%clk 00:15:22]} {[%emt 00:04:18]} 36.
Kh1 {[%clk 01:07:16]} {[%emt 00:02:55]} Kg7 {[%clk 00:13:59]} {[%emt 00:01:54]}
37. Rc1 {[%clk 01:07:30]} {[%emt 00:00:16]} Qh5 {[%clk 00:04:48]} {[%emt
00:09:41]} 38. Rc7+ {[%clk 01:07:01]} {[%emt 00:00:59]} Kh8 {[%clk 00:04:54]}
{[%emt 00:00:24]} 39. Qd8+ {[%clk 01:07:22]} {[%emt 00:00:08]} Qe8 {[%clk
00:05:14]} {[%emt 00:00:10]} 40. Qxe8# {[%clk 01:07:28]} {[%emt 00:00:24]} 1-0

[Event "Hoogeveen Amateur 1"]
[Site "Hoogeveen, Netherlands"]
[Date "2018.10.24"]
[Round "5.8"]
[White "Benninga, Mark"]
[Black "De Jonge, Edwin"]
[Result "0-1"]
[WhiteElo "1711"]
[BlackElo "1792"]

1. e4 {[%clk 01:30:55]} {[%emt 00:00:04]} c6 {[%clk 01:30:52]} {[%emt
00:00:09]} 2. Nf3 {[%clk 01:31:14]} {[%emt 00:00:12]} d5 {[%clk 01:31:13]}
{[%emt 00:00:08]} 3. Nc3 {[%clk 01:31:32]} {[%emt 00:00:14]} Bg4 {[%clk
01:31:28]} {[%emt 00:00:14]} 4. h3 {[%clk 01:29:43]} {[%emt 00:02:18]} Bxf3
{[%clk 01:28:55]} {[%emt 00:03:03]} 5. Qxf3 {[%clk 01:30:01]} {[%emt 00:00:12]}
d4 {[%clk 01:27:31]} {[%emt 00:01:53]} 6. Bc4 {[%clk 01:25:38]} {[%emt
00:04:55]} Nf6 {[%clk 01:19:13]} {[%emt 00:08:46]} 7. e5 {[%clk 01:24:22]}
{[%emt 00:01:47]} dxc3 {[%clk 01:15:28]} {[%emt 00:04:15]} 8. exf6 {[%clk
01:24:29]} {[%emt 00:00:23]} cxd2+ {[%clk 01:11:35]} {[%emt 00:04:23]} 9. Bxd2
{[%clk 01:24:24]} {[%emt 00:00:34]} exf6 {[%clk 01:11:06]} {[%emt 00:00:59]} 10.
O-O {[%clk 01:24:06]} {[%emt 00:00:49]} Qxd2 {[%clk 01:09:38]} {[%emt
00:01:59]} 11. Qb3 {[%clk 01:24:04]} {[%emt 00:00:31]} Qb4 {[%clk 01:05:29]}
{[%emt 00:04:39]} 12. Bxf7+ {[%clk 01:24:07]} {[%emt 00:00:27]} Kd8 {[%clk
01:05:27]} {[%emt 00:00:31]} 13. Rad1+ {[%clk 01:23:13]} {[%emt 00:01:25]} Kc7
{[%clk 01:04:24]} {[%emt 00:01:33]} 14. Qg3+ {[%clk 01:22:52]} {[%emt
00:00:50]} Bd6 {[%clk 01:00:39]} {[%emt 00:04:16]} 15. Qxg7 {[%clk 01:22:13]}
{[%emt 00:01:09]} Nd7 {[%clk 01:00:05]} {[%emt 00:01:03]} 16. Be6 {[%clk
01:22:03]} {[%emt 00:00:41]} Rhd8 {[%clk 00:59:59]} {[%emt 00:00:34]} 17. Rd3
{[%clk 01:20:52]} {[%emt 00:01:42]} Qe4 {[%clk 00:43:25]} {[%emt 00:17:02]} 18.
Qf7 {[%clk 01:18:18]} {[%emt 00:03:06]} Qg6 {[%clk 00:42:31]} {[%emt 00:01:25]}
19. Qxg6 {[%clk 01:16:51]} {[%emt 00:01:57]} hxg6 {[%clk 00:42:56]} {[%emt
00:00:04]} 20. Bxd7 {[%clk 01:14:48]} {[%emt 00:02:33]} Rxd7 {[%clk 00:43:18]}
{[%emt 00:00:08]} 21. Rfd1 {[%clk 01:15:08]} {[%emt 00:00:10]} Rad8 {[%clk
00:43:31]} {[%emt 00:00:16]} 22. Kf1 {[%clk 01:14:54]} {[%emt 00:00:45]} Be5
{[%clk 00:41:39]} {[%emt 00:02:20]} 23. Rxd7+ {[%clk 01:14:47]} {[%emt
00:00:38]} Rxd7 {[%clk 00:42:01]} {[%emt 00:00:08]} 24. Rxd7+ {[%clk 01:15:03]}
{[%emt 00:00:15]} Kxd7 {[%clk 00:42:28]} {[%emt 00:00:01]} 25. b3 {[%clk
01:15:22]} {[%emt 00:00:11]} b5 {[%clk 00:42:40]} {[%emt 00:00:18]} 26. Ke2
{[%clk 01:15:37]} {[%emt 00:00:16]} Ke6 {[%clk 00:43:01]} {[%emt 00:00:08]} 27.
Kd3 {[%clk 01:15:43]} {[%emt 00:00:25]} Kd5 {[%clk 00:43:01]} {[%emt 00:00:29]}
28. g4 {[%clk 01:15:02]} {[%emt 00:01:13]} b4 {[%clk 00:38:16]} {[%emt
00:05:14]} 29. h4 {[%clk 01:14:06]} {[%emt 00:01:27]} Bf4 {[%clk 00:36:16]}
{[%emt 00:02:27]} 30. f3 {[%clk 01:13:18]} {[%emt 00:01:21]} Bc1 {[%clk
00:34:39]} {[%emt 00:02:06]} 31. c4+ {[%clk 01:11:35]} {[%emt 00:02:14]} bxc3
{[%clk 00:34:42]} {[%emt 00:00:28]} 32. Kxc3 {[%clk 01:11:59]} {[%emt
00:00:06]} Ke5 {[%clk 00:34:30]} {[%emt 00:00:40]} 33. Kd3 {[%clk 01:11:40]}
{[%emt 00:00:50]} Kf4 {[%clk 00:33:26]} {[%emt 00:01:33]} 34. Ke2 {[%clk
01:10:53]} {[%emt 00:01:18]} Kg3 {[%clk 00:33:46]} {[%emt 00:00:10]} 35. h5
{[%clk 01:09:38]} {[%emt 00:01:46]} gxh5 {[%clk 00:34:08]} {[%emt 00:00:07]} 36.
gxh5 {[%clk 01:10:00]} {[%emt 00:00:06]} Bh6 {[%clk 00:33:57]} {[%emt
00:00:43]} 37. b4 {[%clk 01:09:11]} {[%emt 00:01:20]} f5 {[%clk 00:32:25]}
{[%emt 00:02:01]} 38. a4 {[%clk 01:07:52]} {[%emt 00:01:51]} a6 {[%clk
00:32:14]} {[%emt 00:00:41]} 39. Kd3 {[%clk 01:07:12]} {[%emt 00:01:10]} Kxf3
{[%clk 00:32:24]} {[%emt 00:00:18]} 40. Kc4 {[%clk 01:07:36]} {[%emt 00:00:08]}
Kg4 {[%clk 00:32:23]} {[%emt 00:00:30]} 41. Kc5 {[%clk 01:07:50]} {[%emt
00:00:17]} Kxh5 {[%clk 00:31:43]} {[%emt 00:01:09]} 42. Kxc6 {[%clk 01:08:12]}
{[%emt 00:00:08]} Bd2 {[%clk 00:31:01]} {[%emt 00:01:11]} 43. b5 {[%clk
01:07:29]} {[%emt 00:01:15]} axb5 {[%clk 00:31:25]} {[%emt 00:00:06]} 44. axb5
{[%clk 01:07:52]} {[%emt 00:00:07]} Be3 {[%clk 00:31:48]} {[%emt 00:00:07]} 45.
Kd5 {[%clk 01:07:45]} {[%emt 00:00:37]} Kg4 {[%clk 00:31:48]} {[%emt 00:00:28]}
46. Ke5 {[%clk 01:08:05]} {[%emt 00:00:44]} f4 {[%clk 00:32:14]} {[%emt
00:00:29]} 47. Ke4 {[%clk 01:08:27]} {[%emt 00:00:10]} Bb6 {[%clk 00:32:34]}
{[%emt 00:00:10]} 48. Kd3 {[%clk 01:08:05]} {[%emt 00:00:53]} Kg3 {[%clk
00:32:51]} {[%emt 00:00:11]} 49. Ke2 {[%clk 01:08:06]} {[%emt 00:00:30]} Kg2
{[%clk 00:33:12]} {[%emt 00:00:07]} 0-1

[Event "Hoogeveen Amateur 1"]
[Site "Hoogeveen, Netherlands"]
[Date "2018.10.25"]
[Round "6.1"]
[White "Stavast, Dick"]
[Black "Vasse, Albert"]
[Result "0-1"]
[WhiteElo "2043"]
[BlackElo "1857"]

1. Nf3 c5 2. g3 Nc6 3. Bg2 g6 4. e4 Bg7 5. O-O d6 6. d3 e6 7. c3 Nge7 8. d4
cxd4 9. cxd4 O-O 10. Nc3 Qa5 {[%clk 01:28:10]} 11. Rb1 {[%clk 01:19:05]} Qd8
{[%clk 01:18:05]} {[%emt 19:57:34]} 12. Ra1 {[%clk 01:11:30]} {[%emt 00:01:54]}
Qa5 {[%clk 01:13:10]} {[%emt 00:05:25]} 13. Rb1 {[%clk 01:04:06]} {[%emt
00:07:54]} Rb8 {[%clk 01:09:33]} {[%emt 00:04:00]} 14. Bg5 {[%clk 01:00:59]}
{[%emt 00:03:44]} h6 {[%clk 01:07:44]} {[%emt 00:02:18]} 15. b4 {[%clk
00:57:52]} {[%emt 00:03:39]} Qd8 {[%clk 00:57:52]} {[%emt 00:10:21]} 16. Be3
{[%clk 00:56:23]} {[%emt 00:01:58]} d5 {[%clk 00:56:49]} {[%emt 00:01:33]} 17.
e5 {[%clk 00:51:48]} {[%emt 00:05:06]} b5 {[%clk 00:55:20]} {[%emt 00:01:59]}
18. Qe2 {[%clk 00:45:35]} {[%emt 00:06:43]} a6 {[%clk 00:53:09]} {[%emt
00:02:41]} 19. Rfc1 {[%clk 00:43:33]} {[%emt 00:02:32]} Bd7 {[%clk 00:49:15]}
{[%emt 00:04:24]} 20. Nd2 {[%clk 00:41:19]} {[%emt 00:02:44]} Kh7 {[%clk
00:46:15]} {[%emt 00:03:29]} 21. Nb3 {[%clk 00:40:41]} {[%emt 00:01:08]} Nf5
{[%clk 00:43:20]} {[%emt 00:03:25]} 22. Bh3 {[%clk 00:39:05]} {[%emt 00:02:07]}
Nxb4 {[%clk 00:38:57]} {[%emt 00:04:52]} 23. Nc5 {[%clk 00:38:24]} {[%emt
00:01:12]} Nxe3 {[%clk 00:37:07]} {[%emt 00:02:19]} 24. fxe3 {[%clk 00:37:59]}
{[%emt 00:00:55]} a5 {[%clk 00:32:18]} {[%emt 00:05:20]} 25. a3 {[%clk
00:37:57]} {[%emt 00:00:32]} Nc6 {[%clk 00:31:58]} {[%emt 00:00:50]} 26. Nxd5
{[%clk 00:34:20]} {[%emt 00:04:08]} Bc8 {[%clk 00:31:54]} {[%emt 00:00:33]} 27.
Nf4 {[%clk 00:30:53]} {[%emt 00:03:57]} Nxd4 {[%clk 00:30:42]} {[%emt
00:01:42]} 28. exd4 {[%clk 00:24:30]} {[%emt 00:06:53]} Qxd4+ {[%clk 00:30:57]}
{[%emt 00:00:15]} 29. Kh1 {[%clk 00:23:41]} {[%emt 00:01:18]} Bxe5 {[%clk
00:29:39]} {[%emt 00:01:47]} 30. Rxb5 {[%clk 00:20:19]} {[%emt 00:03:53]} Rxb5
{[%clk 00:28:53]} {[%emt 00:01:16]} 31. Qxb5 {[%clk 00:20:43]} {[%emt
00:00:06]} Bxf4 {[%clk 00:29:03]} {[%emt 00:00:21]} 32. gxf4 {[%clk 00:21:09]}
{[%emt 00:00:04]} Qxf4 {[%clk 00:29:10]} {[%emt 00:00:22]} 33. Rf1 {[%clk
00:19:52]} {[%emt 00:01:48]} Qe3 {[%clk 00:28:05]} {[%emt 00:01:34]} 34. Bg2
{[%clk 00:17:38]} {[%emt 00:02:45]} Qxa3 {[%clk 00:28:09]} {[%emt 00:00:25]} 35.
Ne4 {[%clk 00:15:55]} {[%emt 00:02:13]} f5 {[%clk 00:24:39]} {[%emt 00:04:00]}
36. Qe5 {[%clk 00:13:27]} {[%emt 00:02:58]} fxe4 {[%clk 00:24:37]} {[%emt
00:00:33]} 0-1